| 000 | 02220nam a2200205Ii 4500 | ||
|---|---|---|---|
| 008 | 221202s xx 000 0 und d | ||
| 245 | 0 | _aDigital Media, Youth, and Credibility | |
| 264 | 1 |
_aCambridge _bThe MIT Press _c2007 |
|
| 300 | _a1 online resource (212 pages) | ||
| 336 |
_atext _btxt _2rdacontent |
||
| 337 |
_acomputer _bc _2rdamedia |
||
| 338 |
_aonline resource _bcr _2rdacarrier |
||
| 520 | _aThe difficulties in determining the quality of information on the Internet—in particular, the implications of wide access and questionable credibility for youth and learning.Today we have access to an almost inconceivably vast amount of information, from sources that are increasingly portable, accessible, and interactive. The Internet and the explosion of digital media content have made more information available from more sources to more people than at any other time in human history. This brings an infinite number of opportunities for learning, social connection, and entertainment. But at the same time, the origin of information, its quality, and its veracity are often difficult to assess. This volume addresses the issue of credibility—the objective and subjective components that make information believable—in the contemporary media environment. The contributors look particularly at youth audiences and experiences, considering the implications of wide access and the questionable credibility of information for youth and learning. They discuss such topics as the credibility of health information online, how to teach credibility assessment, and public policy solutions. Much research has been done on credibility and new media, but little of it focuses on users younger than college students. Digital Media, Youth, and Credibility fills this gap in the literature.ContributorsMatthew S. Eastin, Gunther Eysenbach, Brian Hilligoss, Frances Jacobson Harris, R. David Lankes, Soo Young Rieh, S. Shyam Sundar, Fred W. Weingarten | ||
| 653 | _aDigital Media | ||
| 653 | _aYouth | ||
| 700 | 1 | _aFlanagin, Andrew J. | |
| 700 | 1 | _aMetzger, Miriam J. | |
| 856 | _uhttps://library.oapen.org/bitstream/20.500.12657/26088/1/1003998.pdfhttp://library.oapen.org/handle/20.500.12657/26088 | ||
| 942 | _cE-BOOK | ||
| 999 |
_c61881 _d61881 |
||